|
|
|
|
| LEADER |
00000ckm a2200000 a 4500 |
| 001 |
vtls001204024 |
| 003 |
SK-MaSNL |
| 005 |
20260331202835.0 |
| 007 |
kf co |
| 008 |
180703s1989 xo g 0kuslo |
| 015 |
|
|
|a SNBG1989
|
| 035 |
|
|
|a SNK000147094
|
| 040 |
|
|
|a SNK
|b slo
|c SNK
|e AACR2
|
| 041 |
0 |
|
|a slo
|
| 043 |
|
|
|a e-xo---
|
| 044 |
|
|
|a xo
|c SK
|
| 072 |
|
7 |
|a 913
|x Regionálna geografia
|2 konspekt
|
| 080 |
|
|
|a 913(437.6)
|2 2011
|
| 080 |
|
|
|a (084.121)
|2 2011
|
| 080 |
|
|
|a 614.2:[725.1:614.21]
|2 2011
|
| 080 |
|
|
|a 711.455:615.838
|2 2011
|
| 080 |
|
|
|a 712.253
|2 2011
|
| 080 |
|
|
|a 725.1:613.47
|2 2011
|
| 100 |
1 |
|
|a Ondrejkovič, Ivan,
|d 1935-1998
|4 pht
|9 7599
|
| 245 |
1 |
0 |
|a Piešťany
|h grafika
|b Liečebné domy Balnea Esplanade, Balnea Splendid, Balnea Palace, Balnea Grand
|c foto: I. Ondrejkovič ; výtvarný návrh: K. Izakovič
|
| 246 |
1 |
|
|i Názov na obrazovej časti:
|a Piešťany
|
| 260 |
|
|
|a Bratislava
|b ČSTK-Pressfoto
|c 1989
|e Skalica
|f Grafobal
|
| 300 |
|
|
|a 1 pohľadnica (4 čiastkové pohľady)
|b farebná
|c 15 x 11 cm
|
| 520 |
8 |
|
|a Zobrazenie: Štyri čiastkové pohľady, každý v bielom orámovaní, všetky spolu v bielo-striebornom orámovaní. Vpravo je medzi nimi vodorovne bielym písmom na hnedom podklade v bielom orámovaní názov. Pohľad na liečebný dom vpravo. Pred ním je v popredí bazén s niekoľkými ľuďmi v ňom. Vľavo je prádzna plocha. Vpravo sú za budovou vysoké listnaté stromy. Pohľad na iný liečebný dom vľavo v pozadí. Pred ním sú krík ya stromy. Pohľad na ďalší z liečebných domov. Vľavo v popredí sú na trávnatej ploche vysoké listnaté stromy. Vpravo v popredí vidno vonkajšie schodisko. Pred ním sú okolo chodníka z oboch strán dve vysoké lampy. Pohľad na liečebný dom Balnea Grand. Vpravo v popredí sú kvety v kvetináči pozdĺž dlhého múru. Vľavo je prázdna cesta vedúca rampe pred liečebňou
|
| 650 |
0 |
7 |
|a liečebne
|2 SNKPH
|9 56920
|
| 650 |
0 |
7 |
|a kúpele
|2 SNKPH
|9 1139
|
| 650 |
0 |
7 |
|a parky
|2 SNKPH
|9 2942
|
| 650 |
0 |
7 |
|a bazény
|2 SNKPH
|9 30214
|
| 651 |
|
7 |
|a Piešťany (Slovensko)
|2 SNKPHgeo
|9 23981
|
| 655 |
|
7 |
|a miestne pohľadnice
|2 SNKPH
|9 70510
|
| 700 |
1 |
|
|a Izakovič, K.
|c (grafik)
|4 art
|9 179239
|
| 958 |
|
|
|a GBN
|
| 958 |
|
|
|a GC
|
| 958 |
|
|
|a OND
|
| 999 |
|
|
|c 861115
|d 863045
|
| 952 |
|
|
|a SNK
|b SNK
|y PREZ
|7 0
|p 17A1287937
|o snkSP 140989
|i snk1299/89
|0 0
|1 0
|4 0
|d 2021-09-20
|f 1
|l 0
|r 2026-02-24 05:11:39
|w 2026-02-24
|
| 952 |
|
|
|a SNK
|b SNK
|y PREZ
|7 0
|p 17A1287938
|o snkSP 140989 D1
|i snk1300/89
|0 0
|1 0
|4 0
|d 2021-09-20
|l 0
|r 2026-02-24 05:11:39
|w 2026-02-24
|